[Event "Copenhagen Chess Challenge GM 2023"]
[Site "Ballerup"]
[Date "2023.08.25"]
[Round "5.1"]
[White "Mikkelsen, Nikolaj"]
[Black "Nunez, Ruben Domingo"]
[Result "1-0"]
[WhiteElo "2480"]
[BlackElo "2420"]
[PlyCount "89"]
[EventDate "2023.08.23"]
[EventType "tourn"]
[EventRounds "9"]
[EventCountry "DEN"]
[SourceTitle "Live v. Michael Andersen"]

1. e4 c6 2. d4 d5 3. e5 Bf5 4. Nd2 e6 5. Nb3 Nd7 6. Nf3 h6 7. Be2 Ne7 8. O-O
Qc7 9. a4 Bh7 10. a5 a6 11. Bd2 Ng6 12. c4 Be7 13. cxd5 cxd5 14. Rc1 Qb8 15.
Ne1 O-O 16. Bd3 Qd8 17. g3 Rc8 18. f4 f5 19. h4 Rxc1 20. Nxc1 Nb8 21. h5 Nh8
22. Nc2 Nc6 23. b4 g5 24. hxg6 Bxg6 25. Be2 Qe8 26. Nb3 Nf7 27. Rf2 Kg7 28. Rh2
Rh8 29. Bc3 h5 30. Nc5 Ncd8 31. Ne3 h4 32. g4 fxg4 33. Bxg4 Nh6 34. Nxe6+ Nxe6
35. Bxe6 Bxb4 36. f5 Bxc3 37. Rg2 Kf8 38. fxg6 Kg7 39. Bxd5 h3 40. Rg3 Rf8 41.
Bf7 Qd8 42. Nd5 Qh4 43. Kh2 Nf5 44. Rf3 Qg4 45. Rxh3 1-0

[Event "Copenhagen Chess Challenge GM 2023"]
[Site "Ballerup"]
[Date "2023.08.25"]
[Round "5.2"]
[White "Pedersen, Daniel Vesterbaek"]
[Black "Hector, Jonny"]
[Result "0-1"]
[WhiteElo "2142"]
[BlackElo "2466"]
[PlyCount "88"]
[EventDate "2023.08.23"]
[EventType "tourn"]
[EventRounds "9"]
[EventCountry "DEN"]
[SourceTitle "Live v. Michael Andersen"]

1. e4 e5 2. Nf3 Nc6 3. Bb5 f5 4. d3 fxe4 5. dxe4 Nf6 6. Qe2 d6 7. Nc3 Bg4 8. h3
Bxf3 9. Qxf3 a6 10. Bxc6+ bxc6 11. Bd2 Be7 12. Qe2 Qd7 13. g4 Qe6 14. O-O-O O-O
15. g5 Nd7 16. Be3 a5 17. Rhg1 a4 18. Qd2 Nb6 19. b3 axb3 20. cxb3 Ra3 21. g6
hxg6 22. Qb2 Rfa8 23. Bxb6 cxb6 24. Kb1 b5 25. Rg3 b4 26. Na4 g5 27. Qd2 Qf7
28. Rd3 c5 29. Nb6 Rxa2 30. Nxa8 Rxd2 31. R1xd2 c4 32. bxc4 Qxc4 33. Nb6 Qxe4
34. Nd5 Bd8 35. Kb2 g4 36. hxg4 Qxg4 37. f3 Qc4 38. Ne3 Qa6 39. Rxd6 Qa3+ 40.
Kb1 Qb3+ 41. Kc1 Bg5 42. R6d3 Qe6 43. Kb2 e4 44. fxe4 Qxe4 0-1

[Event "Copenhagen Chess Challenge GM 2023"]
[Site "Ballerup"]
[Date "2023.08.25"]
[Round "5.3"]
[White "Haubro, Martin"]
[Black "Seo, Jung Min"]
[Result "1/2-1/2"]
[WhiteElo "2386"]
[BlackElo "2466"]
[PlyCount "113"]
[EventDate "2023.08.23"]
[EventType "tourn"]
[EventRounds "9"]
[EventCountry "DEN"]
[SourceTitle "Live v. Michael Andersen"]

1. e4 c5 2. Nf3 d6 3. d4 cxd4 4. Nxd4 Nf6 5. Nc3 a6 6. Bg5 Nbd7 7. Bc4 Qb6 8.
Bb3 e6 9. a4 Qa5 10. Qd2 Be7 11. f3 Ne5 12. O-O Nc6 13. Be3 Nxd4 14. Qxd4 e5
15. Qd3 Be6 16. Nd5 Bxd5 17. exd5 O-O 18. c4 Rac8 19. Qd2 Bd8 20. Qxa5 Bxa5 21.
Kf2 Nd7 22. Ke2 b6 23. Rac1 Bb4 24. Bc2 g6 25. b3 a5 26. g4 Bc5 27. Bh6 Rfe8
28. h4 f6 29. Rh1 Bd4 30. Rh3 Nc5 31. Rg3 Rc7 32. Rf1 Rcc8 33. Bc1 Rcd8 34. Rh1
Kg7 35. h5 g5 36. h6+ Kg8 37. Rd1 Bc3 38. Be3 Bd4 39. Bc1 Bc3 40. Ba3 Bd4 41.
Rb1 Na6 42. Bf5 Re7 43. Rg2 Bc5 44. Bb2 Bb4 45. Kd3 Rde8 46. Rf1 Nc5+ 47. Kc2
Kf8 48. Rff2 Rf7 49. Re2 Ke7 50. Bc1 Kd8 51. Be3 Rfe7 52. Rh2 Rb7 53. Rh5 Rg8
54. Rg2 Ke8 55. Bf2 Re7 56. Bg3 Rf8 57. Re2 1/2-1/2

[Event "Copenhagen Chess Challenge GM 2023"]
[Site "Ballerup"]
[Date "2023.08.25"]
[Round "5.4"]
[White "Brynell, Stellan"]
[Black "Solodovnichenko, Yuri"]
[Result "0-1"]
[WhiteElo "2397"]
[BlackElo "2510"]
[PlyCount "116"]
[EventDate "2023.08.23"]
[EventType "tourn"]
[EventRounds "9"]
[EventCountry "DEN"]
[SourceTitle "Live v. Michael Andersen"]

1. d4 d5 2. c4 c6 3. cxd5 cxd5 4. Bf4 Nc6 5. Nf3 Nf6 6. Nc3 Bf5 7. e3 e6 8. Qb3
Bb4 9. Ne5 Qa5 10. Nxc6 bxc6 11. a3 Bxc3+ 12. Qxc3 Qxc3+ 13. bxc3 Kd7 14. f3
Nh5 15. Bg5 h6 16. Bh4 g5 17. Bf2 g4 18. fxg4 Bxg4 19. h3 Bf5 20. g4 Be4 21.
Rh2 Nf6 22. Bg3 Ne8 23. Rb2 Nd6 24. O-O-O h5 25. g5 h4 26. Bf4 Rhb8 27. Rdd2
Rb6 28. Rb4 Rxb4 29. axb4 a5 30. Ra2 a4 31. Kb2 Bf5 32. Ra1 Nb5 33. Bxb5 cxb5
34. Ka3 Rh8 35. Rh1 Rh5 36. Kb2 Ke7 37. Ka3 Kf8 38. Kb2 Kg8 39. Ka3 Kh7 40. Rh2
Kg6 41. Kb2 Rh8 42. Ka3 Kh5 43. Kb2 Rg8 44. Ka3 Rg6 45. Kb2 f6 46. gxf6 Rxf6
47. Be5 Rg6 48. Rf2 Rg3 49. e4 Bxe4 50. Rf8 Rxh3 51. Rb8 Bd3 52. Re8 Re3 53.
Rxe6 Re2+ 54. Ka1 a3 55. Re8 Re1+ 56. Ka2 Bc4+ 57. Kxa3 Re2 58. Rh8+ Kg4 0-1

[Event "Copenhagen Chess Challenge GM 2023"]
[Site "Ballerup"]
[Date "2023.08.25"]
[Round "5.5"]
[White "Olsen, Filip Boe"]
[Black "Jacobsen, Mikkel Manosri"]
[Result "1/2-1/2"]
[WhiteElo "2421"]
[BlackElo "2321"]
[PlyCount "48"]
[EventDate "2023.08.23"]
[EventType "tourn"]
[EventRounds "9"]
[EventCountry "DEN"]
[SourceTitle "Live v. Michael Andersen"]

1. d4 d5 2. Nf3 e6 3. g3 b6 4. Bg2 Bb7 5. O-O Nd7 6. c4 dxc4 7. Qa4 a6 8. Qxc4
Ngf6 9. Nc3 b5 10. Qd3 c5 11. Bg5 Be7 12. Rfd1 O-O 13. Ne5 Bxg2 14. Kxg2 Rc8
15. Nxd7 Qxd7 16. dxc5 Qxd3 17. Rxd3 Rxc5 18. Be3 Rc6 19. a3 Rfc8 20. Bd4 h5
21. Rad1 Ne8 22. Na2 Rc2 23. R3d2 Rxd2 24. Rxd2 Nd6 1/2-1/2

[Event "Copenhagen Chess Challenge GM 2023"]
[Site "Ballerup"]
[Date "2023.08.26"]
[Round "6.1"]
[White "Pedersen, Daniel Vesterbaek"]
[Black "Olsen, Filip Boe"]
[Result "0-1"]
[WhiteElo "2142"]
[BlackElo "2421"]
[PlyCount "74"]
[EventDate "2023.08.23"]
[EventType "tourn"]
[EventRounds "9"]
[EventCountry "DEN"]
[SourceTitle "Live v. Michael Andersen"]

1. e4 c5 2. Nf3 d6 3. d4 cxd4 4. Nxd4 Nf6 5. Nc3 a6 6. Be3 e5 7. Nb3 Be7 8. h3
h6 9. g4 b5 10. Nd5 Nbd7 11. Nxe7 Qxe7 12. Bg2 Nc5 13. Nxc5 dxc5 14. g5 hxg5
15. Bxg5 Bb7 16. Qe2 Rd8 17. Rd1 Rxd1+ 18. Kxd1 Qe6 19. b3 c4 20. Kc1 Qc6 21.
Rd1 O-O 22. Bxf6 Qxf6 23. Qe3 Rc8 24. Rd7 Bc6 25. Ra7 Be8 26. Rb7 Qd6 27. Rb6
Qa3+ 28. Kb1 a5 29. Bf3 a4 30. bxa4 Qb4+ 31. Kc1 Qxa4 32. Qc3 Qa7 33. Qe3 Qxa2
34. Rd6 b4 35. Kd2 b3 36. Qc3 b2 37. Rb6 b1=N+ 0-1

[Event "Copenhagen Chess Challenge GM 2023"]
[Site "Ballerup"]
[Date "2023.08.26"]
[Round "6.2"]
[White "Hector, Jonny"]
[Black "Seo, Jung Min"]
[Result "0-1"]
[WhiteElo "2466"]
[BlackElo "2466"]
[PlyCount "104"]
[EventDate "2023.08.23"]
[EventType "tourn"]
[EventRounds "9"]
[EventCountry "DEN"]
[SourceTitle "Live v. Michael Andersen"]

1. e4 c5 2. Nf3 d6 3. d4 cxd4 4. Nxd4 Nf6 5. Nc3 a6 6. Rg1 b5 7. a4 b4 8. Nd5
e6 9. Nxf6+ Qxf6 10. Be3 Bb7 11. Qd2 Bxe4 12. f3 Bd5 13. O-O-O Nc6 14. Nxc6
Bxc6 15. Qxb4 Be7 16. Qb6 Bxa4 17. Rd4 Bd7 18. Qb7 Rd8 19. Bxa6 O-O 20. Bd3 e5
21. Rc4 Bc8 22. Qa7 d5 23. Ra4 d4 24. Bd2 Qh4 25. f4 exf4 26. Rf1 Bg5 27. Rxd4
Qxh2 28. Rxd8 Rxd8 29. Qf2 Bb7 30. Bxf4 Qxf4+ 31. Qxf4 Bxf4+ 32. Rxf4 Bxg2 33.
b4 h5 34. Be2 g6 35. c4 Kg7 36. c5 f5 37. Rc4 Bc6 38. Rc2 Be4 39. Rc3 h4 40. b5
g5 41. c6 g4 42. Bf1 h3 43. Bxh3 gxh3 44. Rxh3 Rc8 45. Kd2 Kf6 46. Ke3 Ke5 47.
Rh6 Kd5 48. b6 Rxc6 49. b7 Rc3+ 50. Kf4 Rf3+ 51. Kg5 Rb3 52. Rh7 Kc6 0-1

[Event "Copenhagen Chess Challenge GM 2023"]
[Site "Ballerup"]
[Date "2023.08.26"]
[Round "6.3"]
[White "Jacobsen, Mikkel Manosri"]
[Black "Brynell, Stellan"]
[Result "0-1"]
[WhiteElo "2321"]
[BlackElo "2397"]
[PlyCount "72"]
[EventDate "2023.08.23"]
[EventType "tourn"]
[EventRounds "9"]
[EventCountry "DEN"]
[SourceTitle "Live v. Michael Andersen"]

1. d4 Nf6 2. Bf4 d5 3. e3 c5 4. Nf3 Nc6 5. Nbd2 cxd4 6. exd4 Qb6 7. Nb3 Bf5 8.
c3 e6 9. h3 Be7 10. a4 a6 11. a5 Qd8 12. Be2 Ne4 13. O-O O-O 14. Ne5 Rc8 15.
Nd3 h6 16. Re1 Bd6 17. Bf3 Ng5 18. Bxd6 Qxd6 19. Nbc5 Rc7 20. b4 Bxd3 21. Qxd3
e5 22. Bd1 e4 23. Qe2 Ne6 24. Bb3 Nf4 25. Qf1 Kh8 26. g3 Nh5 27. Re3 f5 28. f4
g5 29. fxg5 hxg5 30. Nxb7 Rxb7 31. Qxa6 Ra7 32. Qb6 f4 33. Qc5 Qxc5 34. dxc5
fxe3 35. Bxd5 e2 36. Bxc6 Raf7 0-1

[Event "Copenhagen Chess Challenge GM 2023"]
[Site "Ballerup"]
[Date "2023.08.26"]
[Round "6.4"]
[White "Solodovnichenko, Yuri"]
[Black "Mikkelsen, Nikolaj"]
[Result "1/2-1/2"]
[WhiteElo "2510"]
[BlackElo "2480"]
[PlyCount "83"]
[EventDate "2023.08.23"]
[EventType "tourn"]
[EventRounds "9"]
[EventCountry "DEN"]
[SourceTitle "Live v. Michael Andersen"]

1. e4 e5 2. Nf3 Nc6 3. Bb5 a6 4. Ba4 Nf6 5. d3 d6 6. c4 g6 7. Nc3 Bg7 8. Nd5 h6
9. Nb4 Bd7 10. Nxc6 bxc6 11. c5 O-O 12. O-O Nh5 13. Re1 Kh8 14. Be3 f5 15. exf5
Rxf5 16. g4 Rf8 17. gxh5 Bg4 18. Bxc6 d5 19. Nxe5 Bxd1 20. Nxg6+ Kh7 21. Nxf8+
Qxf8 22. Raxd1 Rd8 23. d4 Qf5 24. Ba4 Bf6 25. Kf1 Rf8 26. Ke2 Qxh5+ 27. Kd2 Bg5
28. Bc2+ Kh8 29. Kc3 Bxe3 30. fxe3 Rf2 31. Bd3 a5 32. Rg1 Qf3 33. Rde1 Rxh2 34.
Ref1 Rf2 35. Re1 Qf8 36. Rg6 Qb8 37. Rxh6+ Kg7 38. Rh7+ Kf6 39. Rh6+ Kg7 40.
Rh7+ Kf6 41. Rh6+ Kg7 42. Rh7+ 1/2-1/2

[Event "Copenhagen Chess Challenge GM 2023"]
[Site "Ballerup"]
[Date "2023.08.26"]
[Round "6.5"]
[White "Nunez, Ruben Domingo"]
[Black "Haubro, Martin"]
[Result "1/2-1/2"]
[WhiteElo "2420"]
[BlackElo "2386"]
[PlyCount "96"]
[EventDate "2023.08.23"]
[EventType "tourn"]
[EventRounds "9"]
[EventCountry "DEN"]
[SourceTitle "Live v. Michael Andersen"]

1. e4 c5 2. Nc3 Nc6 3. Nge2 g6 4. d4 cxd4 5. Nxd4 Bg7 6. Be3 Nf6 7. Bc4 O-O 8.
Bb3 d6 9. f3 Bd7 10. Qd2 Qa5 11. O-O-O Rfc8 12. h4 Ne5 13. Kb1 Nc4 14. Bxc4
Rxc4 15. Nb3 Qd8 16. h5 Rac8 17. hxg6 fxg6 18. e5 dxe5 19. Ne4 Rxe4 20. fxe4
Qc7 21. Qd3 Bc6 22. Nc5 h5 23. Qc4+ Kh8 24. Ne6 Qb8 25. Nxg7 Kxg7 26. Bg5 Nxe4
27. Bxe7 Qc7 28. Bh4 Rf8 29. Rhf1 Rxf1 30. Qxf1 g5 31. Be1 Qf7 32. Qe2 h4 33.
Qg4 Qc4 34. Qf5 Qe2 35. Rc1 Qxg2 36. Bb4 Qf2 37. Qxe5+ Kg6 38. Qe6+ Qf6 39.
Qg8+ Qg7 40. Qe6+ Qf6 41. Qg8+ Kh5 42. Rg1 h3 43. Qh7+ Qh6 44. Qf5 h2 45. Rh1
Nd2+ 46. Bxd2 Bxh1 47. Qh3+ Kg6 48. Qe6+ Kh5 1/2-1/2

[Event "Copenhagen Chess Challenge GM 2023"]
[Site "Ballerup"]
[Date "2023.08.26"]
[Round "7.1"]
[White "Olsen, Filip Boe"]
[Black "Hector, Jonny"]
[Result "1/2-1/2"]
[WhiteElo "2421"]
[BlackElo "2466"]
[PlyCount "65"]
[EventDate "2023.08.23"]
[EventType "tourn"]
[EventRounds "9"]
[EventCountry "DEN"]
[SourceTitle "Live v. Michael Andersen"]

1. Nf3 d5 2. g3 Nc6 3. d4 Bf5 4. Bg2 Nb4 5. Na3 e6 6. O-O Nf6 7. c3 Nc6 8. Qa4
h6 9. Ne5 Bd6 10. Nxc6 Qd7 11. Nb5 bxc6 12. Nxd6+ cxd6 13. c4 Rb8 14. cxd5 cxd5
15. Qa3 O-O 16. Bf4 Rfd8 17. Rfc1 g5 18. Bd2 Qb5 19. Ba5 Rd7 20. Bc7 Qxb2 21.
Bxd6 Ne8 22. Qxb2 Rxb2 23. Ba3 Rb8 24. Rc6 Kg7 25. Ra6 Rb6 26. Ra5 Nd6 27. Bc5
Rbb7 28. Rc1 g4 29. Ra3 Nc4 30. Rb3 Nd2 31. Ra3 Nc4 32. Rb3 Nd2 33. Ra3 1/2-1/2

[Event "Copenhagen Chess Challenge GM 2023"]
[Site "Ballerup"]
[Date "2023.08.26"]
[Round "7.2"]
[White "Brynell, Stellan"]
[Black "Pedersen, Daniel Vesterbaek"]
[Result "1-0"]
[WhiteElo "2397"]
[BlackElo "2142"]
[PlyCount "59"]
[EventDate "2023.08.23"]
[EventType "tourn"]
[EventRounds "9"]
[EventCountry "DEN"]
[SourceTitle "Live v. Michael Andersen"]

1. d4 Nf6 2. Nf3 e6 3. c4 d5 4. Nc3 c5 5. cxd5 cxd4 6. Nxd4 Nxd5 7. Bd2 Be7 8.
e3 O-O 9. Be2 e5 10. Nxd5 Qxd5 11. Nb5 Na6 12. O-O Qe6 13. Bc3 f6 14. b3 Qb6
15. Qe1 Be6 16. Ba5 Qc6 17. Rc1 Qe8 18. Qd2 b6 19. Bc3 Qg6 20. Rfd1 Kh8 21. Qe1
h6 22. Qf1 Rfd8 23. Rxd8+ Bxd8 24. Bd3 e4 25. Bc4 Nc5 26. Bxe6 Nxe6 27. Qc4 Ng5
28. Qd5 Rb8 29. Qd6 Rc8 30. Qd7 1-0

[Event "Copenhagen Chess Challenge GM 2023"]
[Site "Ballerup"]
[Date "2023.08.26"]
[Round "7.3"]
[White "Mikkelsen, Nikolaj"]
[Black "Jacobsen, Mikkel Manosri"]
[Result "1/2-1/2"]
[WhiteElo "2480"]
[BlackElo "2321"]
[PlyCount "131"]
[EventDate "2023.08.23"]
[EventType "tourn"]
[EventRounds "9"]
[EventCountry "DEN"]
[SourceTitle "Live v. Michael Andersen"]

1. e4 c5 2. Nf3 Nf6 3. e5 Nd5 4. Nc3 e6 5. Nxd5 exd5 6. d4 Nc6 7. dxc5 Bxc5 8.
Qxd5 d6 9. exd6 Qb6 10. Qe4+ Be6 11. Bc4 Bxf2+ 12. Kd1 O-O-O 13. Bxe6+ fxe6 14.
c3 Qb5 15. Kc2 Qd5 16. Qxd5 exd5 17. Rf1 Bc5 18. Bf4 Bxd6 19. Bxd6 Rxd6 20.
Rad1 Rf8 21. Rfe1 Kc7 22. Re2 a6 23. Nd4 Nxd4+ 24. Rxd4 Rf7 25. Kd3 Kc6 26. Rg4
g6 27. Rh4 h5 28. Rd4 Rf1 29. Kc2 Rdf6 30. Rdd2 R1f5 31. Kb3 Kd6 32. g3 Kd7 33.
Rd4 Rb6+ 34. Ka3 Rbf6 35. Rb4 b6 36. Ra4 a5 37. Rd4 Kc6 38. Rdd2 Kc5 39. Re8
Rf8 40. Re6 R8f6 41. Re8 Rf8 42. Ree2 R8f6 43. Kb3 Rf8 44. Rd4 R8f6 45. Red2
Re6 46. g4 hxg4 47. Rxg4 g5 48. Rdg2 Rh6 49. Ka3 Rh3 50. Kb3 b5 51. a4 b4 52.
Rxg5 Rxg5 53. Rxg5 bxc3 54. bxc3 Rxh2 55. Rg6 Rh8 56. Ra6 Rb8+ 57. Kc2 d4 58.
Rxa5+ Kc4 59. cxd4 Kxd4 60. Rh5 Kc4 61. Rh4+ Kc5 62. Kc3 Rg8 63. Rc4+ Kb6 64.
Kb4 Rg6 65. Rh4 Rf6 66. Rg4 1/2-1/2

[Event "Copenhagen Chess Challenge GM 2023"]
[Site "Ballerup"]
[Date "2023.08.26"]
[Round "7.4"]
[White "Haubro, Martin"]
[Black "Solodovnichenko, Yuri"]
[Result "1-0"]
[WhiteElo "2386"]
[BlackElo "2510"]
[PlyCount "81"]
[EventDate "2023.08.23"]
[EventType "tourn"]
[EventRounds "9"]
[EventCountry "DEN"]
[SourceTitle "Live v. Michael Andersen"]

1. e4 c5 2. Nf3 d6 3. d4 cxd4 4. Nxd4 Nf6 5. Nc3 a6 6. Bg5 e6 7. f4 Qb6 8. Qd2
Qxb2 9. Rb1 Qa3 10. f5 Nc6 11. fxe6 fxe6 12. Nxc6 bxc6 13. Be2 Be7 14. e5 dxe5
15. Bxf6 Bxf6 16. Ne4 O-O 17. O-O Ra7 18. Rb3 Qe7 19. Rbf3 Rd7 20. Bd3 Qd8 21.
Ng5 e4 22. Nxe4 Bd4+ 23. Kh1 Rxf3 24. Rxf3 h6 25. Qf4 g5 26. Qg4 Rf7 27. h4
Rxf3 28. gxf3 Qa5 29. hxg5 Qe1+ 30. Kh2 h5 31. Qg3 Qc1 32. Nf6+ Kh8 33. Nxh5
Qd2+ 34. Qg2 Be5+ 35. Kh3 Qe1 36. g6 Bg7 37. f4 e5+ 38. f5 Qe3+ 39. Qg3 Qd4 40.
Qh4 Qd6 41. Nf6+ 1-0

[Event "Copenhagen Chess Challenge GM 2023"]
[Site "Ballerup"]
[Date "2023.08.26"]
[Round "7.5"]
[White "Seo, Jung Min"]
[Black "Nunez, Ruben Domingo"]
[Result "1/2-1/2"]
[WhiteElo "2466"]
[BlackElo "2420"]
[PlyCount "40"]
[EventDate "2023.08.23"]
[EventType "tourn"]
[EventRounds "9"]
[EventCountry "DEN"]
[SourceTitle "Live v. Michael Andersen"]

1. d4 Nf6 2. c4 e6 3. Nf3 b6 4. g3 Ba6 5. Nbd2 Bb7 6. Bg2 d5 7. O-O Be7 8. b3
O-O 9. Bb2 Nbd7 10. Rc1 Rc8 11. Qc2 c5 12. dxc5 dxc4 13. Nxc4 Bxc5 14. Qb1 b5
15. Nce5 Nxe5 16. Nxe5 Bxg2 17. Kxg2 Qd5+ 18. Nf3 Ne4 19. Rfd1 Qb7 20. Bd4 Bxd4
1/2-1/2

[Event "Copenhagen Chess Challenge GM 2023"]
[Site "Ballerup"]
[Date "2023.08.27"]
[Round "8.1"]
[White "Jacobsen, Mikkel Manosri"]
[Black "Haubro, Martin"]
[Result "1-0"]
[WhiteElo "2321"]
[BlackElo "2386"]
[PlyCount "115"]
[EventDate "2023.08.23"]
[EventType "tourn"]
[EventRounds "9"]
[EventCountry "DEN"]
[SourceTitle "Live v. Michael Andersen"]

1. d4 Nf6 2. Bf4 g6 3. Nf3 Bg7 4. e3 Nh5 5. Be5 f6 6. Bg3 d5 7. Nc3 Be6 8. Bh4
O-O 9. Be2 Bh8 10. h3 Ng7 11. g4 Nd7 12. Qd2 c6 13. Bg3 b5 14. a4 b4 15. Na2 a5
16. c3 c5 17. cxb4 cxb4 18. Nc1 Nb6 19. Nd3 Nc4 20. Qc2 Bf7 21. Nd2 Rc8 22. Nc5
e5 23. Nxc4 dxc4 24. O-O-O Qd5 25. Ne4 Qc6 26. dxe5 Ne8 27. Bf3 b3 28. Qc3 Qxa4
29. Kd2 fxe5 30. Ke2 Qb5 31. Bh4 Be6 32. Bg2 Bg7 33. Be7 Rf7 34. Ba3 h6 35. Rd2
Rd7 36. Rxd7 Bxd7 37. Rd1 Be6 38. Ke1 Kh8 39. Qd2 Qb6 40. Nc3 Nf6 41. Qd6 Qxd6
42. Rxd6 Bd7 43. Ra6 a4 44. Bb7 Re8 45. e4 Rb8 46. Ra7 Bf8 47. Bxf8 Rxf8 48.
Ke2 h5 49. f3 hxg4 50. hxg4 Rf7 51. Bc6 Rh7 52. Bxd7 Nxd7 53. Nxa4 Rh2+ 54. Ke3
Nf8 55. Re7 Rh1 56. Rxe5 Ra1 57. Nc3 Nd7 58. Re8+ 1-0

[Event "Copenhagen Chess Challenge GM 2023"]
[Site "Ballerup"]
[Date "2023.08.27"]
[Round "8.2"]
[White "Pedersen, Daniel Vesterbaek"]
[Black "Mikkelsen, Nikolaj"]
[Result "0-1"]
[WhiteElo "2142"]
[BlackElo "2480"]
[PlyCount "70"]
[EventDate "2023.08.23"]
[EventType "tourn"]
[EventRounds "9"]
[EventCountry "DEN"]
[SourceTitle "Live v. Michael Andersen"]

1. e4 e5 2. Nf3 Nc6 3. Bb5 a6 4. Ba4 Nf6 5. O-O d6 6. c3 Bd7 7. d4 g6 8. d5 Ne7
9. Bxd7+ Qxd7 10. Qc2 Bg7 11. c4 O-O 12. a4 a5 13. Bd2 b6 14. b4 axb4 15. Bxb4
Nh5 16. Nc3 h6 17. Nb5 f5 18. Nd2 Nf6 19. f3 h5 20. a5 Bh6 21. Qd3 fxe4 22.
Nxe4 Nxe4 23. fxe4 Rxf1+ 24. Kxf1 bxa5 25. Bxa5 c6 26. dxc6 Nxc6 27. Bc3 Qf7+
28. Ke2 Rxa1 29. Bxa1 Kh7 30. Nxd6 Qa7 31. Bb2 Qa2 32. Qa3 Qb1 33. Bc3 Qc2+ 34.
Kf1 Qd3+ 35. Ke1 Bd2+ 0-1

[Event "Copenhagen Chess Challenge GM 2023"]
[Site "Ballerup"]
[Date "2023.08.27"]
[Round "8.3"]
[White "Hector, Jonny"]
[Black "Nunez, Ruben Domingo"]
[Result "0-1"]
[WhiteElo "2466"]
[BlackElo "2420"]
[PlyCount "122"]
[EventDate "2023.08.23"]
[EventType "tourn"]
[EventRounds "9"]
[EventCountry "DEN"]
[SourceTitle "Live v. Michael Andersen"]

1. e4 c6 2. d4 d5 3. e5 Bf5 4. h4 h5 5. Bg5 Qb6 6. Bd3 Qxd4 7. Nf3 Qg4 8. Bxf5
Qxf5 9. c4 Qe4+ 10. Be3 e6 11. Nbd2 Qd3 12. Rc1 Bb4 13. cxd5 exd5 14. a3 Bxd2+
15. Bxd2 Na6 16. Rc3 Qe4+ 17. Re3 Qg4 18. e6 fxe6 19. Rh3 O-O-O 20. Rg3 Qf5 21.
Nd4 Qf6 22. Nxe6 d4 23. Re4 Re8 24. Qe2 Nh6 25. Bg5 Qf5 26. Rf3 Qd5 27. Re5 Qa2
28. Rd3 Nf7 29. b3 Qb1+ 30. Rd1 Qg6 31. Re4 Nc7 32. Nc5 b6 33. Rdxd4 bxc5 34.
Ra4 Nd6 35. Re3 Rxe3 36. Bxe3 Qb1+ 37. Qd1 Qxd1+ 38. Kxd1 Ncb5 39. Kc2 Nd4+ 40.
Bxd4 cxd4 41. Rxa7 Rd8 42. Kd3 Rd7 43. Ra8+ Kb7 44. Rh8 Ne4 45. Rxh5 Nxf2+ 46.
Kd2 Ne4+ 47. Kd3 Nf2+ 48. Kd2 g6 49. Re5 c5 50. Re6 Rh7 51. g3 g5 52. hxg5 Rh5
53. Ke2 Ng4 54. g6 Rg5 55. b4 c4 56. a4 Ne5 57. g7 d3+ 58. Kd2 Nf3+ 59. Kc3
Rxg7 60. Rd6 Rxg3 61. Kxc4 d2 0-1

[Event "Copenhagen Chess Challenge GM 2023"]
[Site "Ballerup"]
[Date "2023.08.27"]
[Round "8.4"]
[White "Solodovnichenko, Yuri"]
[Black "Seo, Jung Min"]
[Result "0-1"]
[WhiteElo "2510"]
[BlackElo "2466"]
[PlyCount "83"]
[EventDate "2023.08.23"]
[EventType "tourn"]
[EventRounds "9"]
[EventCountry "DEN"]
[SourceTitle "Live v. Michael Andersen"]

1. e4 c5 2. Nf3 d6 3. Bb5+ Nd7 4. a4 Ngf6 5. Nc3 a6 6. Be2 g6 7. O-O Bg7 8. a5
O-O 9. d3 b5 10. axb6 Bb7 11. Nd2 Nxb6 12. Nb3 Rb8 13. Be3 Qc7 14. Qd2 Rfd8 15.
f3 Nfd7 16. Na5 Ba8 17. Kh1 e6 18. Bg5 Re8 19. f4 Nc8 20. f5 exf5 21. exf5 Rxb2
22. f6 Bh8 23. Nc4 Rb8 24. Bf3 Bxf3 25. Rxf3 Ncb6 26. Nxb6 Nxb6 27. h4 Re5 28.
Rxa6 Rbe8 29. Ra1 Qc6 30. Qf2 d5 31. Ra7 Nd7 32. Kh2 R5e6 33. Qg3 Ne5 34. Rf4
h5 35. Re7 R6xe7 36. fxe7 f6 37. Bh6 Rxe7 38. Kh1 Kh7 39. Bf8 Rc7 40. Rf1 Rc8
41. Be7 Qe6 42. Nxd5 0-1

[Event "Copenhagen Chess Challenge GM 2023"]
[Site "Ballerup"]
[Date "2023.08.27"]
[Round "8.5"]
[White "Olsen, Filip Boe"]
[Black "Brynell, Stellan"]
[Result "1-0"]
[WhiteElo "2421"]
[BlackElo "2397"]
[PlyCount "71"]
[EventDate "2023.08.23"]
[EventType "tourn"]
[EventRounds "9"]
[EventCountry "DEN"]
[SourceTitle "Live v. Michael Andersen"]

1. d4 Nf6 2. c4 e6 3. Bf4 c5 4. d5 exd5 5. cxd5 d6 6. Nc3 g6 7. Nf3 Bg7 8. h3
O-O 9. e3 Na6 10. Bxa6 bxa6 11. Rc1 Rb8 12. b3 Nh5 13. Bh2 f5 14. O-O a5 15.
Re1 Rb4 16. Nd2 Ba6 17. a3 Rb7 18. Nc4 Bxc4 19. bxc4 a6 20. Ne2 Qd7 21. Nf4
Nxf4 22. Bxf4 a4 23. Rb1 Rfb8 24. Rxb7 Rxb7 25. e4 fxe4 26. Rxe4 Qf5 27. Qe1
Bf8 28. Bg3 Rb3 29. Kh2 Rxa3 30. Re8 Kf7 31. Ra8 Qd7 32. Qa5 Rb3 33. Rd8 Qf5
34. Qxa4 Rc3 35. Qe8+ Kg8 36. f3 1-0

[Event "Copenhagen Chess Challenge GM 2023"]
[Site "Ballerup"]
[Date "2023.08.27"]
[Round "9.1"]
[White "Seo, Jung Min"]
[Black "Jacobsen, Mikkel Manosri"]
[Result "1/2-1/2"]
[WhiteElo "2466"]
[BlackElo "2321"]
[PlyCount "80"]
[EventDate "2023.08.23"]
[EventType "tourn"]
[EventRounds "9"]
[EventCountry "DEN"]
[SourceTitle "Live v. Michael Andersen"]

1. e4 c5 2. Nf3 Nc6 3. d4 cxd4 4. Nxd4 e5 5. Nb5 d6 6. N1c3 a6 7. Na3 Be7 8.
Nc4 b5 9. Ne3 Nf6 10. Bd3 Nb4 11. O-O Nxd3 12. Qxd3 O-O 13. Rd1 Be6 14. Ned5
Nxd5 15. Nxd5 Rc8 16. c3 Bxd5 17. Qxd5 Qb6 18. Be3 Qb8 19. f3 Rc4 20. Rac1 Rfc8
21. g3 R8c6 22. Rf1 Qc8 23. Rcd1 Qe6 24. Kg2 Qxd5 25. Rxd5 f6 26. Rfd1 Kf7 27.
Kf2 Ke6 28. Ke2 Bd8 29. R5d3 b4 30. cxb4 Rxb4 31. b3 Bb6 32. R1d2 Bxe3 33. Kxe3
a5 34. g4 a4 35. h4 axb3 36. Rxb3 Rxb3+ 37. axb3 Rb6 38. Rd3 g6 39. f4 exf4+
40. Kxf4 Rb5 1/2-1/2

[Event "Copenhagen Chess Challenge GM 2023"]
[Site "Ballerup"]
[Date "2023.08.27"]
[Round "9.2"]
[White "Brynell, Stellan"]
[Black "Hector, Jonny"]
[Result "1/2-1/2"]
[WhiteElo "2397"]
[BlackElo "2466"]
[PlyCount "63"]
[EventDate "2023.08.23"]
[EventType "tourn"]
[EventRounds "9"]
[EventCountry "DEN"]
[SourceTitle "Live v. Michael Andersen"]

1. d4 d5 2. c4 c6 3. Nf3 Nf6 4. cxd5 cxd5 5. Nc3 Nc6 6. Bf4 Bf5 7. e3 e6 8. Qb3
Bb4 9. Ne5 Bxc3+ 10. Qxc3 Nxe5 11. Bxe5 O-O 12. Qb4 Rc8 13. Be2 Nd7 14. Bd6 Re8
15. Qxb7 e5 16. O-O exd4 17. Qxd5 Qf6 18. Bb5 Be4 19. Qxd4 Qg5 20. f3 Rc2 21.
Bg3 Qxb5 22. fxe4 Rxb2 23. Qxa7 Nf6 24. Rac1 h6 25. a4 Qb4 26. Qd4 Nxe4 27. Be5
Qxd4 28. Bxd4 Re2 29. Rfe1 Rd2 30. Red1 Re2 31. Re1 Rd2 32. Red1 1/2-1/2